The UAE in one volume : abc business pages.
| Format: | Book |
|---|---|
| Published: |
(s.l):
ATN Media FZ LLC,
2005.
|
| Subjects: |
| LEADER | 00475cam a2200133 7i4500 | ||
|---|---|---|---|
| 001 | 0000016151 | ||
| 005 | 20050906090000.0 | ||
| 090 | 0 | 0 | |a CD 338.7025 |b UNI(UAE) |
| 245 | 0 | 0 | |a The UAE in one volume : |b abc business pages. |
| 260 | 0 | 0 | |a (s.l): |b ATN Media FZ LLC, |c 2005. |
| 300 | # | # | |a Electronic computer optical disc (CD-ROM). |
| 650 | 0 | 0 | |a Business -- |x Directories -- |z United Arab Emirates |
| 651 | 0 | 0 | |a United Arab Emirates |
| 999 | |a CDR000493H |b CD-ROM |c AV Collection |e Business Information Centre | ||